Statistiken für Liedtext - Deutschland - Rammstein

Klicken Sie hier um das Quiz zu spielen!

Allgemein

  • Dieses Quiz wurde 766 mal gespielt
    (727 seit der letzten Aktualisierung)
  • Das Durchschnittsergebnis liegt bei 212 aus 285

Antwortstatistiken

Textquiz% Korrekt
Deutschland
97%
du
90%
Du
90%
ich
87%
Ich
87%
Liebe
87%
Und
87%
und
87%
Herz
86%
hast
85%
Hast
85%
in
84%
mein
84%
dich
83%
so
83%
So
83%
Will
83%
will
83%
Flammen
82%
Wir
82%
wir
82%
Dein
80%
dein
80%
verdammen
79%
doch
78%
über
78%
jung
77%
lieben
77%
alt
76%
kalt
76%
Kann
76%
kann
76%
Atem
75%
Ihr
75%
ihr
75%
Sind
74%
sind
74%
nicht
72%
allen
69%
dir
69%
viel
69%
geben
68%
geweint
68%
Im
68%
meine
68%
Ist
67%
vereint
65%
deine
64%
getrennt
64%
Das
63%
Geist
63%
lang
60%
schon
60%
seid
60%
Segen
59%
zusammen
59%
der
58%
Fluch
58%
sehr
58%
hassen
57%
heiß
54%
kannst
51%
überfallen
51%
Überraschen
50%
weiß
50%
wer
50%
fallen
49%
Man
49%
nie
49%
tief
47%
überdrüssig
47%
verlassen
47%
wird
47%
bleibt
46%
hoch
46%
hasst
45%
steigt
45%
übergeben
45%
Übermenschen
44%
Überheblich
43%
Übernehmen
43%
liebst
42%
überflüssig
42%
überlegen
41%
übermächtig
39%
weinst
27%

Verteilung der Resultate

Perzentil nach korrekt beantworteten Fragen

Anzahl Personen mit jedem Resultat

Ihre Resultats-Entwicklung

Sie haben dieses Quiz seit der letzten Aktualisierung nicht gespielt